01108nam a22002897a 45000010005000000030006000050050017000110080041000280200018000690400029000870500018001160820011001341000017001452450054001622500039002162600047002553000048003024900025003505050008003755200275003835210020006585210020006786500031006986500029007297000033007587000027007917043FISKH20250619105355.0250619b cb ||||| |||| 00| 0 eng d a9780746031131 aFISKHbengcFISKHdFISKH a SF309.2 .E36 a798.23 aEdom, Helen  aStarting riding /cBy Helen Edom and Lesley Sims  aFirst published in America in 1992 aLondon :bUsborne Publishing Ltd, c1998. a32 pages :bcolor illustrations ;c24 cm .  aUsborne First Skills aP  aRevised to include Internet links, this book covers everything a beginner needs to know. It explains how to get on and off a pony, start and stop, canter and even jump. There is also advice on how to care for a pony, including grooming, and the procedure of tacking up. 8 a650 bLexile 8 aP bRaz-Plus  aHorse riding vNon-fiction aHome schoolvNon-fiction aYoung, Norman eIllustrator  aPedley, JoeeDesigner